Exam PREP certified ethical hacker : your complete certification solution exam 312-50 (Record no. 211728)

MARC details
000 -LEADER
fixed length control field 00536nam a2200169Ia 4500
008 - FIXED-LENGTH DATA ELEMENTS--GENERAL INFORMATION
fixed length control field 231221s9999 xx 000 0 und d
020 ## - INTERNATIONAL STANDARD BOOK NUMBER
International Standard Book Number 9790000000000
041 ## - LANGUAGE CODE
Language code of text/sound track or separate title English
082 ## - DEWEY DECIMAL CLASSIFICATION NUMBER
Classification number 001.64404 GRE;1
100 ## - MAIN ENTRY--PERSONAL NAME
Personal name Gregg, Michael.
245 #0 - TITLE STATEMENT
Title Exam PREP certified ethical hacker : your complete certification solution exam 312-50
260 ## - PUBLICATION, DISTRIBUTION, ETC.
Date of publication, distribution, etc. 2006
Name of publisher, distributor, etc. Dorling Kindersley
Place of publication, distribution, etc. New Delhi
300 ## - PHYSICAL DESCRIPTION
Extent xvii, 675
300 ## - PHYSICAL DESCRIPTION
Dimensions 67633
650 ## - SUBJECT ADDED ENTRY--TOPICAL TERM
Topical term or geographic name entry element Exam,PREP,certified,ethical,hacker,certification,solution,exam,312-50
942 ## - ADDED ENTRY ELEMENTS (KOHA)
Koha item type Compact Disks
Holdings
Date last seen Total checkouts Full call number Accession number Price effective from Category Lost status Damaged status Department Withdrawn status Home library Current library Shelving location Entry date Vendor Grants Billnumber Billdate Currency symbol Conversion rate Discount Old discount
26/01/2024   001.64404 GRE;1 CD4903 26/01/2024 Compact Disks     Central Library   Central Library Central Library Central Library   Book Paradise CS 60071 25/02/2014 RS 1    
26/01/2024   001.64404 GRE;2 CD4904 26/01/2024 Compact Disks     Central Library   Central Library Central Library Central Library   Book Paradise CS 60071 25/02/2014 RS 1    
26/01/2024   001.64404 GRE;3 CD4905 26/01/2024 Compact Disks     Central Library   Central Library Central Library Central Library   Book Paradise CS 60071 25/02/2014 RS 1    

© For any Suggestions or Query, please contact the library staff @ librarian@pes.edu or Phone: +9180 2672 1983/ 2108.